00179nam a22000737a 4500020001800000100002200018245003100040260003400071 a9780142407790 aVeronica Chambers aCelia Cruz, queen of salsa aNew YorkbPenguin Groupc2005